000 00320nam a22001337a 4500
008 170621b xxu||||| |||| 00| 0 eng d
020 _a9780312065942
041 _aeng
080 _a327
100 _a20
101 _aSHP
245 _aSTAES HISTORY GEOGRAPHY AND THE DEVELOPMENT
_cSHWARTZ.H.M
942 _2udc
_cBK
999 _c18400
_d18400